Eastern Utah Libraries Catalog: Duchesne, Heber, Roosevelt, & Vernal

Hombre Mosca presenta : (Record no. 395565)

MARC details
000 -LEADER
fixed length control field 01142nam a2200301 4500
001 - CONTROL NUMBER
control field 2331279
003 - CONTROL NUMBER IDENTIFIER
control field IlCrPQL
005 - DATE AND TIME OF LATEST TRANSACTION
control field 20240417154057.0
008 - FIXED-LENGTH DATA ELEMENTS--GENERAL INFORMATION
fixed length control field 240416s2023 nyua c 000 1 spa
020 ## - INTERNATIONAL STANDARD BOOK NUMBER
International Standard Book Number 1536480533
020 ## - INTERNATIONAL STANDARD BOOK NUMBER
International Standard Book Number 9781338896763
020 ## - INTERNATIONAL STANDARD BOOK NUMBER
International Standard Book Number 9781536480535
040 ## - CATALOGING SOURCE
Transcribing agency IlCrPQL
082 14 - DEWEY DECIMAL CLASSIFICATION NUMBER
Classification number 636.7
Edition number 23
100 1# - MAIN ENTRY--PERSONAL NAME
Personal name Arnold, Tedd.
9 (RLIN) 24143
245 10 - TITLE STATEMENT
Title Hombre Mosca presenta :
Remainder of title perros /
Statement of responsibility, etc Tedd Arnold.
260 ## - PUBLICATION, DISTRIBUTION, ETC. (IMPRINT)
Place of publication, distribution, etc New York, NY :
Name of publisher, distributor, etc Scholastic en Espanol,
Date of publication, distribution, etc 2023.
300 ## - PHYSICAL DESCRIPTION
Extent 1 v. (unpaged) p. :
Other physical details col. ill. ;
Dimensions 23 cm
500 ## - GENERAL NOTE
General note Originally published in English as "Fly Guy presents: dogs"--Title page verso.
520 ## - SUMMARY, ETC.
Summary, etc While visiting a dog show, Buzz and Fly Guy learn all about man's best friend! From exploring different breeds, to famous dogs throughout history, to learning all about working dogs and more, there's plenty for the best friends to explore.
521 2# - TARGET AUDIENCE NOTE
Target audience note K12.
521 8# - TARGET AUDIENCE NOTE
Target audience note 630
Source Lexile.
526 8# - STUDY PROGRAM INFORMATION NOTE
Program name Accelerated Reader AR
Interest level LG
Reading level 3.5
Title point value 0.5
Public note 522495.
546 8# - LANGUAGE NOTE
Language note In Spanish
650 #7 - SUBJECT ADDED ENTRY--TOPICAL TERM
Topical term or geographic name as entry element Dog breeds.
Source of heading or term sears
650 #7 - SUBJECT ADDED ENTRY--TOPICAL TERM
Topical term or geographic name as entry element Spanish language materials.
Source of heading or term sears
852 ## - LOCATION/CALL NUMBER
-- 13.95
Holdings
Withdrawn status Lost status Source of classification or shelving scheme Damaged status Not for loan Collection code Home library Current library Shelving location Date acquired Source of acquisition Total Checkouts Total Renewals Full call number Barcode Date last seen Date checked out Cost, replacement price Price effective from Koha item type
    Dewey Decimal Classification     Spanish Children NonFiction Wasatch County Library Wasatch County Library First Floor 11/18/2025 Libraria 1 2 E Animales Mascotas Arnold 34301002173294 01/05/2026 11/29/2025 13.95 11/18/2025 BOOK
This project was made possible through a grant from the Institute of Museum and Library Service administered by the Utah State Library Division.

Wasatch County Library

  • 465 East 1200 South, Heber City, Utah 84032
  • Phone 435-654-1511 | Fax 435-654-6456

Hours

  • Monday - Friday 9:30 AM - 8:00 PM
  • Saturday 9:30 AM - 1:30 PM
  • Closed Sundays and Holidays